[Event "Woerishofen sen 2016"]
[Site "Bad Woerishofen"]
[Date "2016.03.03"]
[Round "7.56"]
[White "Bartlitz, Heinz"]
[Black "Birkestrand, Odd"]
[Result "1/2-1/2"]
[WhiteElo "1659"]
[BlackElo "1746"]
[PlyCount "47"]
[EventDate "2016.02.26"]
[EventType "swiss"]
[EventCountry "GER"]
[WhiteTeam "Bramfelder SK"]
[BlackTeam "NOR"]
[WhiteTeamCountry "GER"]
[BlackTeamCountry "NOR"]

1. e4 e5 2. Nf3 Nc6 3. Bb5 d6 4. c3 Bd7 5. d3 Be7 6. h3 Nf6 7. O-O O-O 8. Re1
a6 9. Ba4 h6 10. Nbd2 Nh7 11. Nf1 b5 12. Bb3 Na5 13. Bc2 Ng5 14. b4 Nb7 15. a4
Nxf3+ 16. Qxf3 Qe8 17. axb5 axb5 18. Bd2 Bf6 19. Qg3 Kh8 20. Bb3 Qe7 21. Be3
Be6 22. Bc2 g5 23. d4 c5 24. d5 1/2-1/2

[Event "Woerishofen sen 2016"]
[Site "Bad Woerishofen"]
[Date "2016.03.03"]
[Round "7.57"]
[White "Albrecht, Franz"]
[Black "Floeren, Ernst"]
[Result "1-0"]
[WhiteElo "1600"]
[BlackElo "1737"]
[PlyCount "65"]
[EventDate "2016.02.26"]
[EventType "swiss"]
[EventCountry "GER"]
[WhiteTeam "Starnberg SC"]
[BlackTeam "-"]
[WhiteTeamCountry "GER"]

1. d4 e6 2. c4 c5 3. e3 cxd4 4. exd4 Nc6 5. Nf3 Nf6 6. Nc3 d5 7. Bd3 dxc4 8.
Bxc4 a6 9. O-O b5 10. Bd3 Nxd4 11. Nxd4 Bb7 12. Nf3 Be7 13. a3 h6 14. Be3 Qb8
15. h3 O-O 16. Qe2 e5 17. Nh2 Bd6 18. Ng4 Nd7 19. f3 f5 20. Nf2 f4 21. Bd2 Qa7
22. Kh1 Rae8 23. Nce4 Be7 24. Bb4 Bxb4 25. axb4 Qd4 26. Qd2 Ra8 27. Qc3 Qb6 28.
Rac1 Rac8 29. Qd2 Rcd8 30. Qe2 Qd4 31. Nc5 Nxc5 32. bxc5 Rf6 33. Rfd1 1-0

[Event "Woerishofen sen 2016"]
[Site "Bad Woerishofen"]
[Date "2016.03.03"]
[Round "7.59"]
[White "Titz, Waldemar"]
[Black "Schulz, Franz"]
[Result "1/2-1/2"]
[WhiteElo "1725"]
[BlackElo "1643"]
[PlyCount "86"]
[EventDate "2016.02.26"]
[EventType "swiss"]
[EventCountry "GER"]
[WhiteTeam "Rottweil SV"]
[BlackTeam "Ebersbach SV"]
[WhiteTeamCountry "GER"]
[BlackTeamCountry "GER"]

1. e4 e5 2. Nf3 Nc6 3. d4 exd4 4. Nxd4 Bc5 5. Be3 Nxd4 6. Bxd4 Bxd4 7. Qxd4 Qf6
8. e5 Qg6 9. Na3 a6 10. g3 Ne7 11. Bd3 Qc6 12. Be4 Qe6 13. c4 Nc6 14. Bxc6 Qxc6
15. O-O-O O-O 16. Qd5 Qa4 17. Rhe1 Rb8 18. Qe4 Re8 19. f4 b5 20. cxb5 Qxe4 21.
Rxe4 axb5 22. Red4 Re6 23. Rd5 Reb6 24. b3 Kf8 25. Rc5 c6 26. Nb1 Ra6 27. Rd2
Rba8 28. Nc3 Ke7 29. g4 Bb7 30. Kb1 Rd8 31. Ne4 Ra7 32. Nd6 Rda8 33. Nf5+ Kf8
34. Nd6 Ba6 35. Ne4 Bc8 36. f5 h6 37. h4 Ra6 38. Nd6 Ke7 39. Ne4 R8a7 40. Rf2
Kf8 41. g5 hxg5 42. hxg5 b4 43. g6 Ra5 1/2-1/2

[Event "Woerishofen sen 2016"]
[Site "Bad Woerishofen"]
[Date "2016.03.03"]
[Round "7.60"]
[White "Gerst, Waldemar"]
[Black "Dittmann, Heinz"]
[Result "1/2-1/2"]
[WhiteElo "1769"]
[BlackElo "1565"]
[PlyCount "45"]
[EventDate "2016.02.26"]
[EventType "swiss"]
[EventCountry "GER"]
[WhiteTeam "Grunbach SC"]
[BlackTeam "Nettetal SG"]
[WhiteTeamCountry "GER"]
[BlackTeamCountry "GER"]

1. e4 c5 2. Nf3 d6 3. Nc3 Nf6 4. d3 g6 5. Be2 Bg7 6. O-O O-O 7. a3 b6 8. Rb1
Bb7 9. Be3 Nc6 10. h3 Qc7 11. Qd2 a6 12. Bg5 Rfe8 13. Nh2 Nd4 14. Bd1 Rad8 15.
Ng4 Nxg4 16. Bxg4 f6 17. Be3 e5 18. Nd5 Bxd5 19. exd5 f5 20. Be2 Nxe2+ 21. Qxe2
f4 22. Bd2 Rf8 23. f3 1/2-1/2

[Event "Woerishofen sen 2016"]
[Site "Bad Woerishofen"]
[Date "2016.03.03"]
[Round "7.61"]
[White "Neese, Hans Joachim"]
[Black "Engl, Heinz"]
[Result "1-0"]
[WhiteElo "2159"]
[BlackElo "2015"]
[PlyCount "125"]
[EventDate "2016.02.26"]
[EventType "swiss"]
[EventCountry "GER"]
[WhiteTeam "Hennef SV"]
[BlackTeam "Muenchen Blinden SC"]
[WhiteTeamCountry "GER"]
[BlackTeamCountry "GER"]

1. c4 e6 2. Nc3 d5 3. e3 Nf6 4. Nf3 Be7 5. d4 O-O 6. a3 c5 7. dxc5 Bxc5 8. b4
Be7 9. cxd5 exd5 10. Bb2 Bg4 11. Be2 Nc6 12. O-O Rc8 13. h3 Be6 14. Bd3 Bd6 15.
Ne2 Ne4 16. Nf4 Qe7 17. Rc1 Rfd8 18. Nxe6 Qxe6 19. Qe2 Bb8 20. Rfd1 a6 21. Bb1
Ne5 22. Nd4 Qe8 23. Nf5 Rxc1 24. Rxc1 f6 25. f3 Nd6 26. Nxd6 Bxd6 27. Ba2 Bb8
28. Rd1 Kh8 29. Bxd5 b5 30. Bc1 Ba7 31. Kh2 Bb8 32. Kh1 Ng6 33. Bb3 Rc8 34. Bb2
Qe7 35. Qd2 Re8 36. Bc1 Nf8 37. Qd5 Ng6 38. Qd7 Qxd7 39. Rxd7 Ne5 40. Rd1 g5
41. Bb2 Kg7 42. Kg1 Rc8 43. Kf1 Kg6 44. Ke2 h5 45. Rc1 Re8 46. Rc5 Ba7 47. Bc2+
Kf7 48. Rc7+ Re7 49. Bb3+ Ke8 50. Rxe7+ Kxe7 51. Bd5 Nd7 52. Bb7 Nb8 53. g3 Bb6
54. Kd3 a5 55. Ke4 axb4 56. axb4 Bc7 57. f4 Bd6 58. Bc3 Kf7 59. Kf5 Be7 60.
Bd5+ Kf8 61. Bxf6 Bxf6 62. Kxf6 gxf4 63. exf4 1-0

[Event "Woerishofen sen 2016"]
[Site "Bad Woerishofen"]
[Date "2016.03.03"]
[Round "7.62"]
[White "Rothenhagen, Siegfried"]
[Black "Thonig, Manfred"]
[Result "1/2-1/2"]
[WhiteElo "1806"]
[BlackElo "1660"]
[PlyCount "51"]
[EventDate "2016.02.26"]
[EventType "swiss"]
[EventCountry "GER"]
[WhiteTeam "Windach SF"]
[BlackTeam "Starnberg SC"]
[WhiteTeamCountry "GER"]
[BlackTeamCountry "GER"]

1. d4 f5 2. e4 fxe4 3. Nc3 Nf6 4. Bg5 g6 5. Bxf6 exf6 6. Nxe4 d5 7. Ng3 Qe7+ 8.
Qe2 Bh6 9. Qxe7+ Kxe7 10. Bd3 Nc6 11. c3 Bd7 12. N1e2 f5 13. f4 Rae8 14. O-O
Kf7 15. Bc2 Ne7 16. Nc1 Ng8 17. Nd3 Bg7 18. Rae1 Nh6 19. h3 Bb5 20. a4 Bxd3 21.
Bxd3 Rxe1 22. Rxe1 Re8 23. Rxe8 Kxe8 24. Kf2 Kf7 25. Ke2 Kf6 26. Kf3 1/2-1/2

[Event "Woerishofen sen 2016"]
[Site "Bad Woerishofen"]
[Date "2016.03.03"]
[Round "7.64"]
[White "Samarian, Cornel"]
[Black "Gepting, Konrad"]
[Result "1/2-1/2"]
[WhiteElo "1693"]
[BlackElo "1620"]
[PlyCount "113"]
[EventDate "2016.02.26"]
[EventType "swiss"]
[EventCountry "GER"]
[WhiteTeam "Lohkirchen SC"]
[BlackTeam "Marktoberdorf SK"]
[WhiteTeamCountry "GER"]
[BlackTeamCountry "GER"]

1. f4 b6 2. Nf3 Bb7 3. e3 e6 4. b3 Nc6 5. Bb2 f6 6. Be2 Qe7 7. O-O O-O-O 8. Ba3
d6 9. c4 h6 10. Nc3 g5 11. h3 Bg7 12. Nh2 f5 13. Rb1 Nf6 14. Bb2 Rdg8 15. Rf2
Ne4 16. Nxe4 Bxb2 17. Rxb2 Qg7 18. Rb1 fxe4 19. Qf1 h5 20. fxg5 Qxg5 21. b4 Ne7
22. b5 Nf5 23. Rb3 Ng3 24. Qe1 Nxe2+ 25. Qxe2 a5 26. a4 Rh7 27. Rb1 Kd7 28.
Rbf1 Ke7 29. Rf4 Qg3 30. Qf2 Qxf2+ 31. R4xf2 Bc8 32. Rc1 e5 33. Kf1 Rhg7 34. g4
hxg4 35. hxg4 Bxg4 36. Nxg4 Rxg4 37. Ke2 Rg1 38. Rcf1 Rxf1 39. Rxf1 Rf8 40. Rh1
Rf7 41. Rh6 Kd7 42. Rh4 d5 43. cxd5 Kd6 44. Rxe4 Kxd5 45. d3 Rh7 46. Rc4 Rh2+
47. Kd1 Kd6 48. e4 Rb2 49. Rc6+ Kd7 50. Rc1 Rb4 51. Ra1 c6 52. bxc6+ Kxc6 53.
Kd2 Kc5 54. Kc3 b5 55. axb5 Kxb5 56. Rh1 Ka4 57. Ra1+ 1/2-1/2

[Event "Woerishofen sen 2016"]
[Site "Bad Woerishofen"]
[Date "2016.03.03"]
[Round "7.65"]
[White "Westermayer, Johann"]
[Black "Schmid, Arnold"]
[Result "1/2-1/2"]
[WhiteElo "1599"]
[BlackElo "1578"]
[PlyCount "36"]
[EventDate "2016.02.26"]
[EventType "swiss"]
[EventCountry "GER"]
[WhiteTeam "AUT"]
[BlackTeam "Oberbilker SV"]
[WhiteTeamCountry "AUT"]
[BlackTeamCountry "GER"]

1. d4 d5 2. Nf3 Nf6 3. c4 c6 4. e3 Bg4 5. Qb3 Qb6 6. Qxb6 axb6 7. Nbd2 e6 8.
Ne5 Nbd7 9. Nxg4 Nxg4 10. h3 Ngf6 11. a3 Bd6 12. Bd3 O-O 13. O-O dxc4 14. Nxc4
Bc7 15. Nd2 Rfe8 16. Ne4 e5 17. Nxf6+ Nxf6 18. dxe5 Bxe5 1/2-1/2

[Event "Woerishofen sen 2016"]
[Site "Bad Woerishofen"]
[Date "2016.03.03"]
[Round "7.66"]
[White "Hartlaub, Marianne"]
[Black "Koppenhoefer, Heinz"]
[Result "0-1"]
[WhiteElo "1541"]
[BlackElo "1672"]
[PlyCount "118"]
[EventDate "2016.02.26"]
[EventType "swiss"]
[EventCountry "GER"]
[WhiteTeam "Klingenberg SK"]
[BlackTeam "Solln STSV"]
[WhiteTeamCountry "GER"]
[BlackTeamCountry "GER"]

1. Nf3 Nf6 2. c4 e6 3. Nc3 Nc6 4. g3 Bc5 5. Bg2 O-O 6. O-O a6 7. d4 Be7 8. e4
d6 9. a3 Rb8 10. b4 Qe8 11. Re1 h6 12. Bb2 Bd7 13. Qe2 Nh7 14. Rad1 Nd8 15. h3
b5 16. cxb5 axb5 17. Rc1 c6 18. Rc2 Ng5 19. Nh2 Nh7 20. f4 Nb7 21. Ng4 c5 22.
bxc5 dxc5 23. Nxb5 Bxb5 24. Qe3 cxd4 25. Bxd4 Nd6 26. Qf3 f6 27. Nxh6+ gxh6 28.
Qg4+ Kh8 29. Qxe6 Qf7 30. Qxf7 Rxf7 31. e5 Nf5 32. Bf2 Bxa3 33. Kh2 Re8 34. g4
Ng7 35. Bd5 Rfe7 36. Bc5 Bxc5 37. Rxc5 Ba4 38. Kg3 fxe5 39. f5 Nf6 40. Bg2 e4
41. Ra5 Bc2 42. Re3 Bd3 43. Kf4 Kg8 44. h4 Rd7 45. Kg3 Kf8 46. Rc5 Kf7 47. h5
Ree7 48. Kh4 Nd5 49. Re1 Nf4 50. Kg3 Nxg2 51. Kxg2 Ne8 52. Rc6 Nf6 53. Kg3 Rc7
54. Rd6 Rb7 55. Re6 Rb1 56. Rxb1 Bxb1 57. Kh4 e3 58. g5 hxg5+ 59. Kxg5 Ne4+ 0-1

[Event "Woerishofen sen 2016"]
[Site "Bad Woerishofen"]
[Date "2016.03.03"]
[Round "7.67"]
[White "Jurgan, Brigitte"]
[Black "Braeu, Emmi"]
[Result "1/2-1/2"]
[WhiteElo "1476"]
[BlackElo "1624"]
[PlyCount "119"]
[EventDate "2016.02.26"]
[EventType "swiss"]
[EventCountry "GER"]
[WhiteTeam "Grassau ASV"]
[BlackTeam "Marktoberdorf SK"]
[WhiteTeamCountry "GER"]
[BlackTeamCountry "GER"]

1. d4 Nf6 2. Nf3 c5 3. c3 cxd4 4. Qxd4 Nc6 5. Qd1 g6 6. g3 Bg7 7. Bf4 O-O 8.
Bg2 Nh5 9. Be3 d5 10. Nd4 e5 11. Nxc6 bxc6 12. Bd2 Rb8 13. b3 c5 14. O-O Be6
15. e4 d4 16. c4 Qd7 17. f3 Bh3 18. Bc1 Bxg2 19. Kxg2 Rfd8 20. Rf2 a6 21. Nd2
a5 22. a4 Rb7 23. Rb1 Nf6 24. Nf1 Ne8 25. Ba3 Bf8 26. Bc1 f5 27. Qd3 Ng7 28.
Bh6 Rdb8 29. Bxg7 Bxg7 30. Rfb2 Bh6 31. Kg1 Kf7 32. Rg2 Kf6 33. g4 f4 34. Rgb2
Bf8 35. Rg2 g5 36. h3 Qf7 37. Rh2 h6 38. Rg2 Rb4 39. Rgb2 h5 40. Nh2 Ke6 41.
Qf1 Rd8 42. Qd3 Qh7 43. Rg2 Be7 44. Rbb2 Rh8 45. Qe2 hxg4 46. hxg4 Rbb8 47. Qd3
Qh3 48. Qf1 Rbd8 49. Rgd2 Qxf1+ 50. Nxf1 d3 51. Nh2 Rh3 52. Rb1 Kf6 53. Rbd1
Rdh8 54. Rg2 Rg3 55. Rxd3 Rhh3 56. Rc3 Rh8 57. Rd3 Rb8 58. Rxg3 fxg3 59. Nf1
Rh8 60. Nxg3 1/2-1/2

[Event "Woerishofen sen 2016"]
[Site "Bad Woerishofen"]
[Date "2016.03.03"]
[Round "7.68"]
[White "Walther, Renate"]
[Black "Buss, Richard"]
[Result "1/2-1/2"]
[WhiteElo "1232"]
[BlackElo "1657"]
[PlyCount "62"]
[EventDate "2016.02.26"]
[EventType "swiss"]
[EventCountry "GER"]
[WhiteTeam "Herzogenaurach SK"]
[BlackTeam "Heisfelde VfR"]
[WhiteTeamCountry "GER"]
[BlackTeamCountry "GER"]

1. e4 e6 2. d4 d5 3. exd5 exd5 4. Nf3 h6 5. Nc3 c6 6. Be2 Be6 7. O-O Bd6 8. Be3
Nf6 9. a3 Qc7 10. Bd3 Nbd7 11. b4 a6 12. Na4 b6 13. Rb1 O-O 14. Qd2 Ng4 15. g3
Nxe3 16. Qxe3 Rfe8 17. Qd2 Nf6 18. Rfe1 b5 19. Nc5 Qc8 20. Ne5 Bxc5 21. bxc5
Ra7 22. Nf3 Rae7 23. Re3 Ng4 24. Re2 Bf5 25. Rxe7 Rxe7 26. Re1 Rxe1+ 27. Nxe1
Bxd3 28. Nxd3 Nf6 29. f3 Qc7 30. Kg2 a5 31. c3 Kf8 1/2-1/2

[Event "Woerishofen sen 2016"]
[Site "Bad Woerishofen"]
[Date "2016.03.04"]
[Round "8.1"]
[White "Haubt, Georg"]
[Black "Frick, Christoph"]
[Result "0-1"]
[WhiteElo "2125"]
[BlackElo "2224"]
[PlyCount "74"]
[EventDate "2016.02.26"]
[EventType "swiss"]
[EventCountry "GER"]
[WhiteTeam "Oberursel SV"]
[BlackTeam "Bebenhausen SK"]
[WhiteTeamCountry "GER"]
[BlackTeamCountry "GER"]

1. d4 d5 2. Nc3 Nf6 3. Bf4 e6 4. e3 Bd6 5. Qf3 a6 6. Bd3 Nc6 7. Bg5 h6 8. Bh4
g5 9. Bg3 e5 10. dxe5 Nxe5 11. Qd1 Qe7 12. Nf3 c5 13. Be2 Nxf3+ 14. gxf3 Be6
15. Qd2 O-O-O 16. O-O-O Bxg3 17. hxg3 d4 18. exd4 cxd4 19. Ne4 Nxe4 20. fxe4
Bxa2 21. Bd3 Be6 22. f4 Qc5 23. Rde1 Kb8 24. Rh5 Bg4 25. Rh2 f6 26. e5 Qe7 27.
Qa5 Bf3 28. Qb6 gxf4 29. gxf4 h5 30. Bxa6 fxe5 31. Rxe5 Qf8 32. f5 Rd6 33. Qb3
Rxa6 34. Qxf3 Ra1+ 35. Kd2 Qb4+ 36. Kd3 Qxb2 37. Qd5 Qc3+ 0-1

[Event "Woerishofen sen 2016"]
[Site "Bad Woerishofen"]
[Date "2016.03.04"]
[Round "8.2"]
[White "Okrajek, Alexander"]
[Black "Bhend, Edwin"]
[Result "1-0"]
[WhiteElo "2224"]
[BlackElo "2188"]
[PlyCount "61"]
[EventDate "2016.02.26"]
[EventType "swiss"]
[EventCountry "GER"]
[WhiteTeam "Siegburg SC"]
[BlackTeam "SUI"]
[WhiteTeamCountry "GER"]
[BlackTeamCountry "SUI"]

1. Nf3 d5 2. c4 d4 3. e4 c5 4. d3 Nc6 5. g3 e5 6. Bg2 Bd6 7. a3 Nge7 8. Nbd2
O-O 9. Nh4 f6 10. O-O g5 11. Nf5 Nxf5 12. exf5 Bxf5 13. Ne4 Be7 14. f4 Kg7 15.
Bd2 a5 16. fxg5 fxg5 17. Qb3 Rb8 18. Qb5 Qc7 19. Bxg5 Bxe4 20. Bxe7 Rxf1+ 21.
Rxf1 Bxg2 22. Bf6+ Kg6 23. Kxg2 Rf8 24. Bxe5 Qxe5 25. Rxf8 Qe2+ 26. Rf2 Qxd3
27. Qxc5 Qe4+ 28. Kh3 Qe6+ 29. Kh4 Ne5 30. Qxd4 Kh6 31. g4 1-0

[Event "Woerishofen sen 2016"]
[Site "Bad Woerishofen"]
[Date "2016.03.04"]
[Round "8.3"]
[White "Weinwurm, Wolfgang"]
[Black "Lainburg, Viktor"]
[Result "1-0"]
[WhiteElo "2185"]
[BlackElo "2033"]
[PlyCount "69"]
[EventDate "2016.02.26"]
[EventType "swiss"]
[EventCountry "GER"]
[WhiteTeam "AUT"]
[BlackTeam "Ulm SC Weisse Dame"]
[WhiteTeamCountry "AUT"]
[BlackTeamCountry "GER"]

1. e4 Nf6 2. e5 Nd5 3. d4 d6 4. c4 Nb6 5. f4 g6 6. Be3 Bg7 7. Nc3 O-O 8. c5
dxc5 9. dxc5 N6d7 10. h4 e6 11. Qf3 Nc6 12. O-O-O f6 13. exf6 Qxf6 14. h5 Ne7
15. hxg6 Nxg6 16. g3 Rf7 17. Rd2 h6 18. Ne4 Qe7 19. Qh5 Ndf8 20. Bc4 Bd7 21.
Bd4 Bc6 22. Bxg7 Rxg7 23. Re2 Rh7 24. Nf3 Be8 25. Qg4 Rg7 26. Qh3 Bf7 27. Ne5
Nxe5 28. fxe5 Rg6 29. Rf1 Kg7 30. Ref2 Bg8 31. Rf6 Rd8 32. Qh4 Rd4 33. Rf7+
Bxf7 34. Qxe7 Rxc4+ 35. Nc3 1-0

[Event "Woerishofen sen 2016"]
[Site "Bad Woerishofen"]
[Date "2016.03.04"]
[Round "8.5"]
[White "Villing, Dieter"]
[Black "Neese, Hans Joachim"]
[Result "1/2-1/2"]
[WhiteElo "2055"]
[BlackElo "2159"]
[PlyCount "67"]
[EventDate "2016.02.26"]
[EventType "swiss"]
[EventCountry "GER"]
[WhiteTeam "Ludwigshafen SK"]
[BlackTeam "Hennef SV"]
[WhiteTeamCountry "GER"]
[BlackTeamCountry "GER"]

1. d4 d5 2. Nc3 Nf6 3. Bg5 Nbd7 4. f3 h6 5. Bh4 c5 6. e4 dxe4 7. dxc5 Qa5 8.
Bxf6 gxf6 9. fxe4 h5 10. Nf3 a6 11. Qd5 e6 12. Qc4 Qxc5 13. O-O-O Qxc4 14. Bxc4
b5 15. Bb3 Nc5 16. Nd4 Bb7 17. Rhe1 Bh6+ 18. Kb1 Ke7 19. g3 Kf8 20. a4 b4 21.
Na2 a5 22. e5 f5 23. Nc1 Ke7 24. Nb5 Ne4 25. Nd6 Ba6 26. Nxe4 fxe4 27. Rxe4
Rad8 28. Red4 Rxd4 29. Rxd4 Rd8 30. Rxd8 Kxd8 31. Nd3 Bg7 32. Nc5 Bc8 33. Nd3
Ba6 34. Nc5 1/2-1/2

[Event "Woerishofen sen 2016"]
[Site "Bad Woerishofen"]
[Date "2016.03.04"]
[Round "8.6"]
[White "Kozlov, Alexander"]
[Black "Schmidt, Eugen"]
[Result "1-0"]
[WhiteElo "2153"]
[BlackElo "1969"]
[PlyCount "165"]
[EventDate "2016.02.26"]
[EventType "swiss"]
[EventCountry "GER"]
[WhiteTeam "Stuttgarter SF"]
[BlackTeam "Oos SF"]
[WhiteTeamCountry "GER"]
[BlackTeamCountry "GER"]

1. d4 Nf6 2. c4 g6 3. Nc3 Bg7 4. e4 d6 5. Nf3 O-O 6. Be2 c6 7. O-O h6 8. h3 Qc7
9. Be3 Nbd7 10. Qd2 Kh7 11. Rac1 e5 12. b4 a5 13. a3 b6 14. d5 c5 15. bxa5 Rxa5
16. Qb2 Ne8 17. Nd2 Qd8 18. Bd1 f5 19. f3 f4 20. Bf2 g5 21. Rb1 Bf6 22. Ba4 Qe7
23. Rfc1 Qg7 24. Kf1 Bd8 25. Bc6 h5 26. Ke2 Nb8 27. Bb5 Qa7 28. Ra1 Qe7 29.
Rcb1 Ra7 30. Na4 Nf6 31. Qc2 Nbd7 32. Bc6 Ba6 33. Bxd7 Nxd7 34. Rb2 Rb7 35. Nc3
Bc7 36. Qa4 Nb8 37. Rab1 Qd7 38. Qc2 Rf7 39. Kd3 Kg8 40. Qa4 Qxa4 41. Nxa4 Nd7
42. Nf1 Rf8 43. Nh2 Ra8 44. Nc3 Rbb8 45. a4 Bd8 46. Ra2 Bb7 47. Nb5 Be7 48. Nf1
Ba6 49. Nc3 Bc8 50. Nd2 Rb7 51. Nb5 Nb8 52. Be1 Bd7 53. Rba1 Na6 54. Nb3 Nc7
55. Nc1 Kf7 56. Ne2 Kg6 57. Nec3 Na6 58. Ne2 Nc7 59. Bd2 g4 60. hxg4 hxg4 61.
Nxc7 Rxc7 62. Rb2 Rb7 63. Nc3 Rh8 64. fxg4 Bxg4 65. a5 Rh2 66. a6 Ra7 67. Rxb6
Kf6 68. Nb5 Ra8 69. Nc7 Rg8 70. a7 Rxg2 71. Rb8 Be2+ 72. Kc2 R8g3 73. a8=Q Bd3+
74. Kc1 Rg1+ 75. Kb2 Rxa1 76. Qxa1 f3 77. Be3 Rg2+ 78. Kb3 Re2 79. Qg1 Rg2 80.
Qh1 Bc2+ 81. Kc3 Bxe4 82. Rb2 Rg7 83. Ne8+ 1-0

[Event "Woerishofen sen 2016"]
[Site "Bad Woerishofen"]
[Date "2016.03.04"]
[Round "8.7"]
[White "Gross, Werner"]
[Black "Walther, Reinhard"]
[Result "1-0"]
[WhiteElo "2201"]
[BlackElo "2039"]
[PlyCount "65"]
[EventDate "2016.02.26"]
[EventType "swiss"]
[EventCountry "GER"]
[WhiteTeam "Niederkassel SG"]
[BlackTeam "Herzogenaurach SK"]
[WhiteTeamCountry "GER"]
[BlackTeamCountry "GER"]

1. c4 Nf6 2. Nc3 d5 3. cxd5 Nxd5 4. g3 c6 5. Nf3 g6 6. Bg2 Bg7 7. d4 O-O 8. O-O
Nd7 9. e4 N5b6 10. Qe2 e5 11. Rd1 Qe7 12. a4 a5 13. b3 Re8 14. Ba3 Qe6 15. d5
cxd5 16. exd5 Qg4 17. h3 Qf5 18. Ne4 Nf6 19. Nd6 Qd7 20. Nxe8 Qxe8 21. d6 Nfd5
22. Rac1 e4 23. Nd4 f5 24. f3 Bxd4+ 25. Rxd4 Qe5 26. Bb2 Qxg3 27. Qf2 Qxd6 28.
fxe4 fxe4 29. Rxe4 Bf5 30. Qd4 Qd7 31. Qh8+ Kf7 32. Qxh7+ Kf8 33. Qh8+ 1-0

[Event "Woerishofen sen 2016"]
[Site "Bad Woerishofen"]
[Date "2016.03.04"]
[Round "8.8"]
[White "Gauer, Jacques"]
[Black "Daeubler, Heinrich"]
[Result "0-1"]
[WhiteElo "1940"]
[BlackElo "2159"]
[PlyCount "66"]
[EventDate "2016.02.26"]
[EventType "swiss"]
[EventCountry "GER"]
[WhiteTeam "FRA"]
[BlackTeam "Haselmuehl SC"]
[WhiteTeamCountry "FRA"]
[BlackTeamCountry "GER"]

1. e4 g6 2. d4 Bg7 3. Be3 d6 4. Nc3 a6 5. Qd2 b5 6. Bd3 Bb7 7. f3 Nd7 8. O-O-O
c5 9. dxc5 dxc5 10. Kb1 Qc7 11. Bf4 e5 12. Bg5 Ngf6 13. Nh3 h6 14. Be3 O-O-O
15. Qf2 Bf8 16. Rd2 c4 17. Be2 Bb4 18. Rhd1 g5 19. Ba7 Bxc3 20. bxc3 Bxe4 21.
fxe4 Nxe4 22. Qe3 Nxd2+ 23. Rxd2 f5 24. Rd5 Qc6 25. Rd1 g4 26. Nf2 Kb7 27. Nxg4
fxg4 28. Bxg4 Nf6 29. Rxd8 Rxd8 30. Bf5 Nd5 31. Qg1 Nxc3+ 32. Kb2 Na4+ 33. Kc1
Qd6 0-1

[Event "Woerishofen sen 2016"]
[Site "Bad Woerishofen"]
[Date "2016.03.04"]
[Round "8.9"]
[White "Kelchner, Hans"]
[Black "Eichler, Gottfried"]
[Result "1-0"]
[WhiteElo "2157"]
[BlackElo "2024"]
[PlyCount "61"]
[EventDate "2016.02.26"]
[EventType "swiss"]
[EventCountry "GER"]
[WhiteTeam "Ludwigshafen SK"]
[BlackTeam "Dannenberg MTV"]
[WhiteTeamCountry "GER"]
[BlackTeamCountry "GER"]

1. d4 e6 2. Bf4 c5 3. e3 Nf6 4. Nf3 Nc6 5. Nbd2 d5 6. c3 Be7 7. h3 O-O 8. Bd3
c4 9. Bc2 b5 10. a3 Bb7 11. Qe2 Na5 12. Ne5 Nd7 13. Nxd7 Qxd7 14. Qh5 g6 15.
Qf3 Rfe8 16. g4 Bd6 17. Qg3 Rad8 18. Nf3 Nc6 19. O-O-O a5 20. h4 b4 21. axb4
axb4 22. h5 bxc3 23. bxc3 Bxf4 24. exf4 Ra8 25. hxg6 fxg6 26. Ng5 Ra1+ 27. Kd2
Rxd1+ 28. Kxd1 Ra8 29. Rxh7 Ra1+ 30. Kd2 Ne7 31. Qh3 1-0

[Event "Woerishofen sen 2016"]
[Site "Bad Woerishofen"]
[Date "2016.03.04"]
[Round "8.10"]
[White "Hoeschele, Hans Ulrich"]
[Black "Zunker, Reinhard"]
[Result "1/2-1/2"]
[WhiteElo "1979"]
[BlackElo "2153"]
[PlyCount "86"]
[EventDate "2016.02.26"]
[EventType "swiss"]
[EventCountry "GER"]
[WhiteTeam "Stuttgarter SF"]
[BlackTeam "Hofheim SV"]
[WhiteTeamCountry "GER"]
[BlackTeamCountry "GER"]

1. Nf3 c5 2. c3 g6 3. g3 Bg7 4. Bg2 Nc6 5. d3 Nf6 6. O-O O-O 7. e4 d6 8. Qe2
Rb8 9. h3 e5 10. Nh2 Bd7 11. g4 Ne8 12. f4 exf4 13. Bxf4 Be5 14. Nd2 b5 15. Qe3
Bg7 16. Bh6 b4 17. Bxg7 Nxg7 18. Nhf3 Qe7 19. Nc4 Be6 20. Nfd2 Ne5 21. Nxe5
dxe5 22. Qg3 bxc3 23. bxc3 Rb2 24. Nf3 f6 25. Rf2 Rfb8 26. d4 exd4 27. cxd4
cxd4 28. Nxd4 Qc5 29. Rd1 Bxa2 30. Kh1 Rb1 31. Kh2 Qe5 32. Rdd2 Bc4 33. Qxe5
fxe5 34. Nc6 Re8 35. Rd7 Ra1 36. Rc2 Bb5 37. Rxa7 Rxa7 38. Nxa7 Bd7 39. Rc7 Rd8
40. Bf1 Kf8 41. Bc4 h5 42. Kg3 hxg4 43. hxg4 Ne8 1/2-1/2

[Event "Woerishofen sen 2016"]
[Site "Bad Woerishofen"]
[Date "2016.03.04"]
[Round "8.11"]
[White "Maes, Valery"]
[Black "Di Lazzaro, Gabriele"]
[Result "1-0"]
[WhiteElo "2110"]
[BlackElo "1970"]
[PlyCount "77"]
[EventDate "2016.02.26"]
[EventType "swiss"]
[EventCountry "GER"]
[WhiteTeam "Krefelder SK Turm"]
[BlackTeam "ITA"]
[WhiteTeamCountry "GER"]
[BlackTeamCountry "ITA"]

1. d4 d5 2. Nf3 Nf6 3. c4 e6 4. Qc2 c6 5. g3 Nbd7 6. Bg2 Bb4+ 7. Bd2 Bxd2+ 8.
Nbxd2 O-O 9. O-O Re8 10. Rfd1 e5 11. dxe5 Nxe5 12. Nxe5 Rxe5 13. cxd5 cxd5 14.
Nf3 Bf5 15. Qb3 Re6 16. Nd4 Rb6 17. Qe3 Be4 18. Bxe4 Nxe4 19. Nf5 h6 20. Rxd5
Qe8 21. Rad1 Re6 22. Qd4 Nf6 23. e3 Kh7 24. Rd8 Rxd8 25. Qxd8 Qb5 26. Nd4 Qxb2
27. Nxe6 fxe6 28. Qd3+ Kg8 29. Qb3 Qe5 30. Qxb7 Ne4 31. Rd4 Ng5 32. h4 Nf7 33.
Qc8+ Kh7 34. Qc2+ Kg8 35. Qe4 Qf6 36. Kg2 h5 37. Qf3 Qg6 38. Qa8+ Kh7 39. Qe4
1-0

[Event "Woerishofen sen 2016"]
[Site "Bad Woerishofen"]
[Date "2016.03.04"]
[Round "8.12"]
[White "Born, Bernd Ludger"]
[Black "Gerl, Hans"]
[Result "0-1"]
[WhiteElo "2105"]
[BlackElo "1951"]
[PlyCount "112"]
[EventDate "2016.02.26"]
[EventType "swiss"]
[EventCountry "GER"]
[WhiteTeam "Pfullingen SF"]
[BlackTeam "Zirndorf SK"]
[WhiteTeamCountry "GER"]
[BlackTeamCountry "GER"]

1. d4 Nf6 2. Bf4 e6 3. Nd2 c5 4. c3 Nc6 5. Ngf3 b6 6. e4 d6 7. Bb5 Bd7 8. O-O
Be7 9. Re1 O-O 10. h3 a6 11. Bd3 b5 12. Rc1 e5 13. dxe5 dxe5 14. Bxe5 Bxh3 15.
Bxf6 Bxf6 16. e5 Qxd3 17. exf6 Qg6 18. Nh4 Qxf6 19. Qf3 Qxf3 20. Nhxf3 Be6 21.
Ne5 Nxe5 22. Rxe5 Rac8 23. Ne4 c4 24. Ng5 Bd7 25. Nf3 f6 26. Re7 Bf5 27. Nd4
Bg6 28. Re6 Ra8 29. Rce1 Rfe8 30. a3 Bf7 31. Re7 Kf8 32. Rxe8+ Rxe8 33. Ra1 Re4
34. f3 Re7 35. Kf2 Rd7 36. Re1 g6 37. Rh1 Kg7 38. Re1 h5 39. Re4 f5 40. Re5 Kf6
41. Rc5 Bd5 42. Kg3 Ke5 43. Rc8 Kd6 44. Kf4 Ke7 45. Kg5 Kf7 46. Ne2 Kg7 47. Nf4
Bf7 48. Rc6 Rd2 49. Rxa6 Rxb2 50. Ra7 h4 51. Ne6+ Kg8 52. Nf4 Rxg2+ 53. Kf6 g5
54. Nxg2 h3 55. Ra8+ Kh7 56. Nf4 h2 0-1